[Event "Daehne Cup Region 15/16 I Rest"]
[Site "Gehrden"]
[Date "2015.10.09"]
[Round "3"]
[White "Zweigait, Bjoern"]
[Black "Zirpel, Erich"]
[Result "1-0"]
[WhiteElo "1675"]
[BlackElo "1196"]
[PlyCount "49"]
[EventDate "2015.10.??"]
[EventType "swiss"]
[EventCountry "GER"]
[SourceTitle "EXT 2022"]
[Source "ChessBase"]
[SourceDate "2021.10.06"]
[SourceVersion "1"]
[SourceVersionDate "2021.10.06"]
[SourceQuality "1"]

1. e4 e6 2. d3 Nc6 3. Nf3 Be7 4. g3 b6 5. Bg2 Bb7 6. 0-0 e5 7. Nc3 Nf6 8. a3 0-0 9. b4 d6 10. Nh4 Nd4 11. f4 Nd7 12. Nf3 Nxf3+ 13. Bxf3 Nf6 14. Bg4 Nxg4 15. Qxg4 Bc8 16. f5 Bf6 17. Nd5 c6 18. Nxf6+ Qxf6 19. Bg5 Bxf5 20. exf5 h5 21. Qxh5 g6 22. Bxf6 gxh5 23. Rae1 Rae8 24. Re4 b5 25. Rh4 1-0

[Event "Daehne Cup Region 14/15 II Rest"]
[Site "Gehrden"]
[Date "2015.03.20"]
[Round "4"]
[White "Tode, Heinz"]
[Black "Zirpel, Erich"]
[Result "1-0"]
[WhiteElo "1665"]
[BlackElo "1181"]
[PlyCount "86"]
[EventDate "2015.02.??"]
[EventType "swiss"]
[EventCountry "GER"]
[SourceTitle "EXT 2022"]
[Source "ChessBase"]
[SourceDate "2021.10.06"]
[SourceVersion "1"]
[SourceVersionDate "2021.10.06"]
[SourceQuality "1"]

1. d4 d6 2. c4 c5 3. d5 Bf5 4. Nc3 Nf6 5. g3 e5 6. Bg2 Be7 7. e4 Bg4 8. f3 Bd7 9. Nge2 0-0 10. 0-0 Qc8 11. Bg5 Re8 12. Qd2 Nh5 13. Bxe7 Rxe7 14. f4 exf4 15. Nxf4 Nf6 16. Nd3 Bh3 17. Rae1 Bxg2 18. Kxg2 Nbd7 19. Qg5 h6 20. Qf4 Ne5 21. Nxe5 dxe5 22. Qf5 Qd8 23. Qf2 b6 24. Nd1 Nh7 25. Ne3 g6 26. Ng4 Qf8 27. Qe3 g5 28. Nf6+ Nxf6 29. Rxf6 Qg7 30. Ref1 Rae8 31. Qf3 g4 32. Qf5 Qg5 33. Qxg5+ hxg5 34. R1f5 Kg7 35. Rc6 Kf8 36. Rxg5 f6 37. Rxf6+ Rf7 38. Rxf7+ Kxf7 39. Rxg4 Kf6 40. Rh4 Rg8 41. Rh6+ Kf7 42. Re6 Re8 43. Rxe8 Kxe8 1-0

[Event "Daehne Cup Region 14/15 II"]
[Site "Gehrden"]
[Date "2015.02.06"]
[Round "1"]
[White "Zweigait, Bjoern"]
[Black "Zirpel, Erich"]
[Result "1-0"]
[WhiteElo "1537"]
[BlackElo "1181"]
[PlyCount "69"]
[EventDate "2015.02.06"]
[EventType "k.o."]
[EventRounds "4"]
[EventCountry "GER"]
[SourceTitle "EXT 2022"]
[Source "ChessBase"]
[SourceDate "2021.10.06"]
[SourceVersion "1"]
[SourceVersionDate "2021.10.06"]
[SourceQuality "1"]

1. d4 d5 2. c4 Nf6 3. Nc3 c6 4. Bf4 e6 5. c5 b6 6. b4 bxc5 7. bxc5 Be7 8. Qa4 Nh5 9. Bxb8 Rxb8 10. Qxc6+ Bd7 11. Qa6 Qc7 12. e3 0-0 13. Nf3 Bc8 14. Qa3 Bd8 15. Bd3 Qa5 16. Qxa5 Bxa5 17. Kd2 Nf6 18. Rab1 Ba6 19. Ne5 Bxc3+ 20. Kxc3 Bxd3 21. Kxd3 g6 22. f3 Rfe8 23. Nc6 Ra8 24. Rb7 a6 25. Rhb1 Rf8 26. a4 Kg7 27. Rb8 Rfxb8 28. Rxb8 Rxb8 29. Nxb8 a5 30. Nc6 Nd7 31. Nxa5 Kf8 32. Nc6 Ke8 33. a5 Nf6 34. a6 Kd7 35. a7 1-0